| 000 | 00342nam a2200109Ia 4500 | ||
|---|---|---|---|
| 008 | 180315s9999 xx 000 0 und d | ||
| 020 | _a9781138957800 | ||
| 100 | _aCarrier, Linda | ||
| 245 |
_aKeeping the leadership in instructional leadership : _bdeveloping your practice |
||
| 260 |
_aNew York : _b2017 _cRoutledge |
||
| 300 | _axiii, 113 pages | ||
| 999 |
_c356325 _d356325 |
||